| 000 | 01138nam0a22002771 4500 | ||
|---|---|---|---|
| 001 | v19\rc\1998940 | ||
| 005 | 20260406130337.0 | ||
| 035 | _a(NLR Aleph) 005074710 | ||
| 090 |
_a7132770 _c7132770 |
||
| 100 | _a20080811d1915 |||y0rusy50 ca | ||
| 101 | 0 | _arus | |
| 102 | _aRU | ||
| 105 | _aa g ||||| | ||
| 200 | 1 | _aБюллетень № 5 Справочного бюро по животноводству Волынского губернского земства | |
| 210 |
_aЖитомир _d1915 |
||
| 215 |
_a[2], 14 с., 1 л. табл. _cил. _d25 |
||
| 300 | _aВ конце текста: В.Р. | ||
| 532 | 1 | 1 | _aБюллетень номер пять Справочного бюро по животноводству Волынского губернского земства |
| 702 | 0 |
_aВ. Р. _4220 |
|
| 710 | 0 | 2 |
_aВолынское губернское земское справочное бюро по животноводству _9312964 _3RU\NLR\AUTH\8819805 |
| 801 | 0 |
_aRU _bNLR _gpsbo |
|
| 801 | 0 |
_aRU _bRuMoRGB _2psbo |
|
| 801 | 1 |
_aRU _bProSoft-M _2rusmarc |
|
| 852 |
_aNLR _bЗем _j8/51 |
||
| 942 | _cBOOK | ||
| 980 | _aNB | ||